Legal rights of mentally disabled persons / 1
| Format: | Print Book |
|---|---|
| Language: | English |
| Published: |
New York
Practising Law Institute
1979
|
| In: |
Legal rights of mentally disabled persons
Year: 1979 |
| Availability in Tübingen: | Present in Tübingen. UB: KB 11 A 776-1 |
| Check availability: | HBZ Gateway |
| Subito Delivery Service: | Order now. |
MARC
| LEADER | 00000cam a22000002cc4500 | ||
|---|---|---|---|
| 001 | 1093974168 | ||
| 003 | DE-627 | ||
| 005 | 20220514135416.0 | ||
| 007 | tu | ||
| 008 | 910423s1979 xx ||||| 00| ||eng c | ||
| 035 | |a (DE-627)1093974168 | ||
| 035 | |a (DE-576)023974168 | ||
| 035 | |a (DE-599)BSZ023974168 | ||
| 035 | |a (OCoLC)311510930 | ||
| 040 | |a DE-627 |b ger |c DE-627 |e rakwb | ||
| 041 | |a eng | ||
| 245 | 0 | 0 | |a Legal rights of mentally disabled persons |n 1 |c Paul R. Friedman, chairman |
| 264 | 1 | |a New York |b Practising Law Institute |c 1979 | |
| 300 | |a IV, 863 S | ||
| 336 | |a Text |b txt |2 rdacontent | ||
| 337 | |a ohne Hilfsmittel zu benutzen |b n |2 rdamedia | ||
| 338 | |a Band |b nc |2 rdacarrier | ||
| 583 | 1 | |a Archivierung prüfen |c 20200919 |f DE-640 |z 1 |2 pdager | |
| 773 | 1 | 8 | |a Legal rights of mentally disabled persons |w (DE-627)1093974125 |w (DE-576)023974125 |g 1 |q 1 |7 nnam |
| 951 | |a MV | ||
| ELC | |b 1 | ||
| LOK | |0 000 xxxxxcx a22 zn 4500 | ||
| LOK | |0 001 2163406245 | ||
| LOK | |0 003 DE-627 | ||
| LOK | |0 004 1093974168 | ||
| LOK | |0 005 20020606000000 | ||
| LOK | |0 008 910423||||||||||||||||ger||||||| | ||
| LOK | |0 040 |a DE-21 |c DE-627 |d DE-21 | ||
| LOK | |0 852 |a DE-21 | ||
| LOK | |0 852 1 |c KB 11 A 776-1 |9 00 | ||
| LOK | |0 935 |a krim | ||
| LOK | |0 936ln |a k8.6.1 | ||
| LOK | |0 939 |a 23-04-91 |b l01 | ||
| ORI | |a SA-MARC-krimdoka001.raw | ||
| SIG | |a UB: KB 11 A 776-1 | ||
